Sports Quiz

Random Sports or Soccer Quiz

Football Kits: ALL English Football League Kits 2012-13 Quiz Stats

 Plays Quiz not verified by Sporcle

Score 0/92 Timer 13:00
0 Plays Today
# Club % Correct
2Fulham
93.6%
5Newcastle United
87.9%
7Everton
86.9%
23Manchester United
84.2%
28Arsenal
82.1%
18West Ham United
81.5%
35Norwich City
80.6%
59Manchester City
80.4%
20Wolverhampton Wanderers
79.6%
51Chelsea
79%
68Aston Villa
78.8%
84Liverpool
76.6%
70Blackburn Rovers
75.4%
10Sunderland
75.1%
79Queens Park Rangers
74.4%
39Watford
73.7%
81Stoke City
72.9%
92Tottenham Hotspur
72%
1Cardiff City
70.8%
69Bolton Wanderers
70.4%
82Leeds United
70.1%
38Swansea City
69.1%
49West Bromwich Albion
69.1%
60Blackpool
68.2%
34Crystal Palace
67.9%
14Portsmouth
67.6%
48Burnley
67.1%
91Reading
65.9%
8Nottingham Forest
65.1%
62Derby County
64.4%
65Bury
63.5%
# Club % Correct
24Yeovil Town
61.6%
42Bradford City
61.3%
66Middlesbrough
60.6%
52Plymouth Argyle
60%
58Southampton
59.6%
53Wigan Athletic
59.2%
17Hull City
58.8%
9Millwall
58.1%
77Notts County
56.6%
44Sheffield Wednesday
56.2%
26Ipswich Town
54.3%
63Wycombe Wanderers
54.2%
67Doncaster Rovers
53.7%
85Coventry City
53.4%
3Oxford United
52.5%
47Leicester City
51.6%
54Charlton Athletic
51.4%
74Scunthorpe United
49.9%
27Huddersfield Town
48%
57Bristol Rovers
47.4%
29Preston North End
47.2%
25Northampton Town
47.2%
71Swindon Town
45.6%
61Birmingham City
45.4%
72Tranmere Rovers
45.2%
40AFC Bournemouth
45%
22Milton Keynes Dons
42.9%
80Brighton & Hove Albion
42.6%
83Carlisle United
42.5%
78Sheffield United
42.1%
43AFC Wimbledon
41.8%
# Club % Correct
32Burton Albion
41.4%
4Rotherham United
41%
90Shrewsbury Town
41%
21Colchester United
40.9%
16Bristol City
39.5%
89Brentford
38.9%
30Torquay United
38.6%
15Port Vale
35.9%
87Southend United
35.5%
33Leyton Orient
35.4%
11Peterborough United
35%
56Barnet
34.5%
55Oldham
32.6%
36Chesterfield
31.7%
75Hartlepool United
31%
76Barnsley
31%
45Exeter City
29.2%
37York City
28.5%
46Morecambe
27.2%
41Cheltenham Town
26.6%
6Fleetwood Town
26.6%
86Dagenham & Redbridge
26.3%
73Rochdale
25.1%
13Aldershot Town
24.9%
12Stevenage
23.3%
31Accrington Stanley
22.4%
50Crawley Town
22%
88Crewe Alexandra
22%
64Walsall
18.4%
19Gillingham
15%

You're not logged in!

Compare scores with friends on all Sporcle quizzes.
OR
Log In

You Might Also Like...

Show Comments

Extras

Top Quizzes Today


Score Distribution

Your Account Isn't Verified!

In order to create a playlist on Sporcle, you need to verify the email address you used during registration. Go to your Sporcle Settings to finish the process.

Report this User

Report this user for behavior that violates our Community Guidelines.

Details: